Európska Centrálna Banka výročná správa 2004
Gespeichert in:
| Format: | Buch |
|---|---|
| Sprache: | Slowakisch |
| Veröffentlicht: |
Frankfurt nad Mohanom
Európska Centrálna Banka
2005
|
| Schlagworte: | |
| Tags: |
Keine Tags, Fügen Sie das erste Tag hinzu!
|
MARC
| LEADER | 00000nam$a2200000$$$4500 | ||
|---|---|---|---|
| 001 | 0028424 | ||
| 005 | 20221129082548.4 | ||
| 022 | |a 1830-2920 | ||
| 041 | 0 | |a slo | |
| 044 | |a DE | ||
| 245 | 1 | 0 | |a Európska Centrálna Banka |b výročná správa 2004 |
| 264 | 1 | |a Frankfurt nad Mohanom |b Európska Centrálna Banka |c 2005 | |
| 300 | |a 224 s. | ||
| 610 | 2 | 0 | |a banky centrálne |
| 610 | 2 | 0 | |a bankovníctvo |
| 610 | 2 | 0 | |a vývoj hospodársky |
| 610 | 2 | 0 | |a vývoj menový |
| 610 | 2 | 0 | |a politika finančná |
| 610 | 2 | 0 | |a eurozóna |
| 610 | 2 | 0 | |a operácie bankové |
| 610 | 2 | 0 | |a papiere cenné |
| 610 | 2 | 0 | |a peniaze |
| 610 | 2 | 0 | |a štatistika |
| 610 | 2 | 0 | |a výskum ekonomický |
| 610 | 2 | 0 | |a financie |
| 610 | 2 | 0 | |a vzťahy medzinárodné |
| 610 | 2 | 0 | |a komunikácia externá |
| 610 | 2 | 0 | |a integrácia ekonomická medzinárodná |
| 610 | 2 | 0 | |a závierka účtovná |
| 610 | 2 | 0 | |a súvaha |
| 610 | 2 | 0 | |a Európska centrálna banka |
| 610 | 2 | 0 | |a 2004 |